Legal protection for the consumer
সংরক্ষণ করুন:
| প্রধান লেখক: | |
|---|---|
| বিন্যাস: | গ্রন্থ |
| ভাষা: | Undetermined |
| প্রকাশিত: |
Dobbs Ferry, New York
Oceana
1973
|
| বিষয়গুলি: | |
| ট্যাগগুলো: |
ট্যাগ যুক্ত করুন
কোনো ট্যাগ নেই, প্রথমজন হিসাবে ট্যাগ করুন!
|
| Thư viện lưu trữ: | Trung tâm Học liệu Trường Đại học Cần Thơ |
|---|
| LEADER | 00573nam a2200205Ia 4500 | ||
|---|---|---|---|
| 001 | CTU_43303 | ||
| 008 | 210402s9999 xx 000 0 und d | ||
| 082 | |a 343.7307 | ||
| 082 | |b M849 | ||
| 100 | |a Morganstern, Stanley | ||
| 245 | 0 | |a Legal protection for the consumer | |
| 245 | 0 | |c Stanley Morganstern | |
| 260 | |a Dobbs Ferry, New York | ||
| 260 | |b Oceana | ||
| 260 | |c 1973 | ||
| 650 | |a Consumer protection | ||
| 650 | |x Law and legislation | ||
| 650 | |z United States | ||
| 904 | |i Minh, Giang sửa | ||
| 980 | |a Trung tâm Học liệu Trường Đại học Cần Thơ | ||